| 000 | 00635nam a2200241Ia 4500 | ||
|---|---|---|---|
| 003 | OSt | ||
| 005 | 20220918192721.0 | ||
| 006 | a|||||r|||| 00| 0 | ||
| 007 | ta | ||
| 008 | 220917b |||||||| |||| 00| 0 eng d | ||
| 024 | _a69,784 | ||
| 037 | _cTextual | ||
| 040 |
_aARTS _cARTS _beng |
||
| 041 |
_2eng _aeng |
||
| 082 | _aQ, L9 | ||
| 100 |
_aChatterji B C _979905 |
||
| 245 | 0 | _aEssential of dharma tr into English by Manmohan Ghosh | |
| 260 |
_aCalcutta _bSanskrit Book Depot _c1979 |
||
| 300 |
_axiv, 240p. _ccm. |
||
| 650 | _aRELIGION | ||
| 942 |
_hQ, L9 _cTEXL _2CC |
||
| 999 |
_c195914 _d195914 |
||